[Event "HZ Chess Tournament 2022"]
[Site "Vlissingen, Netherlands"]
[Date "2022.08.07"]
[Round "2.1"]
[White "Ponomariov, Ruslan"]
[Black "Dougherty, Michael"]
[Result "1-0"]
[WhiteElo "2642"]
[BlackElo "2071"]
[PlyCount "69"]

1. e4 e6 2. d4 d5 3. Nc3 Nf6 4. e5 Nfd7 5. Nce2 c5 6. c3 Nc6 7. Nf3 b6 8. Nf4
Bb7 9. a3 Qe7 10. Bd3 O-O-O 11. O-O h6 12. Be3 g5 13. Nh5 f5 14. exf6 Nxf6 15.
Nxf6 Qxf6 16. b4 c4 17. Bc2 Bd6 18. b5 Ne7 19. Ne5 Nf5 20. Re1 Rhf8 21. Bd2 Nh4
22. f3 h5 23. Qe2 Rg8 24. Qf2 Rdf8 25. a4 Bxe5 26. Rxe5 g4 27. f4 Nf3+ 28. gxf3
gxf3+ 29. Rg5 e5 30. dxe5 Rxg5+ 31. fxg5 Qe6 32. Kh1 d4 33. cxd4 c3 34. Be3 Qc4
35. g6 1-0

[Event "HZ Chess Tournament 2022"]
[Site "Vlissingen, Netherlands"]
[Date "2022.08.07"]
[Round "2.2"]
[White "Gijsen, William"]
[Black "Van den Doel, Erik"]
[Result "0-1"]
[WhiteElo "2079"]
[BlackElo "2591"]
[PlyCount "62"]

1. e4 e5 2. Nc3 Nf6 3. f4 d5 4. fxe5 Nxe4 5. Qf3 Nxc3 6. bxc3 c5 7. Qg3 Nc6 8.
Nf3 h6 9. Bb5 Qb6 10. a4 a6 11. Be2 c4 12. d4 cxd3 13. Bxd3 Be6 14. a5 Qc5 15.
Bd2 g5 16. Rb1 O-O-O 17. Nd4 Nxd4 18. cxd4 Qxd4 19. Rb3 Bc5 20. Bc3 Qe3+ 21.
Qxe3 Bxe3 22. Rb1 Rhe8 23. h3 d4 24. Bb4 Ba2 25. Rb2 Bd5 26. Bd6 Rxd6 27. Bf5+
Rd7 28. Bxd7+ Kxd7 29. Rf1 Rxe5 30. Kd1 f5 31. Rb6 Bxg2 0-1

[Event "HZ Chess Tournament 2022"]
[Site "Vlissingen, Netherlands"]
[Date "2022.08.07"]
[Round "2.3"]
[White "Baklan, Vladimir"]
[Black "Manshanden, Nick"]
[Result "1-0"]
[WhiteElo "2582"]
[BlackElo "2065"]
[PlyCount "95"]

1. e4 e5 2. Nf3 Nc6 3. Bb5 Nf6 4. d3 Bc5 5. Bxc6 dxc6 6. Nbd2 Be6 7. O-O Nd7 8.
b3 O-O 9. Bb2 f6 10. Kh1 Qe8 11. Nh4 Rd8 12. Qf3 g6 13. Qg3 Bd6 14. Nc4 Bxc4
15. bxc4 Nc5 16. Nf5 Ne6 17. Bc1 Kh8 18. Nxd6 Rxd6 19. f4 exf4 20. Bxf4 Nxf4
21. Qxf4 Kg7 22. a4 c5 23. a5 Qc6 24. Rf3 Re6 25. Rb1 Rf7 26. g4 b6 27. Ra1 b5
28. cxb5 Qxb5 29. c4 Qb2 30. Raf1 Qc3 31. g5 Qxa5 32. Qc1 Rb6 33. Kg2 Qb4 34.
R1f2 Ra6 35. h4 Qb3 36. d4 Qb7 37. d5 Qc8 38. Qf4 Qe8 39. e5 f5 40. e6 Re7 41.
Qe3 c6 42. Qe5+ Kg8 43. Rb2 Rb6 44. Rxb6 axb6 45. Ra3 b5 46. Qa1 Rb7 47. Ra8
Rb8 48. Ra7 1-0

[Event "HZ Chess Tournament 2022"]
[Site "Vlissingen, Netherlands"]
[Date "2022.08.07"]
[Round "2.4"]
[White "Coenen, Eduard"]
[Black "Harsha Bharathakoti"]
[Result "0-1"]
[WhiteElo "2063"]
[BlackElo "2557"]
[PlyCount "56"]

1. d4 d5 2. Nf3 Nf6 3. c3 c5 4. g3 e6 5. Bg2 Nbd7 6. O-O b5 7. Bf4 Be7 8. Ne5
Bb7 9. Nd2 O-O 10. Rc1 Nxe5 11. Bxe5 Ng4 12. e4 Nxe5 13. dxe5 Qb6 14. f4 Rad8
15. exd5 Bxd5 16. c4 bxc4 17. Qc2 c3 18. bxc3 c4+ 19. Kh1 Bxg2+ 20. Kxg2 Rd3
21. Kh3 Qc6 22. Rce1 Rfd8 23. Re2 R8d5 24. Ne4 f5 25. exf6 gxf6 26. f5 exf5 27.
Ng5 fxg5 28. Kg2 Rd2 0-1

[Event "HZ Chess Tournament 2022"]
[Site "Vlissingen, Netherlands"]
[Date "2022.08.07"]
[Round "2.5"]
[White "Lalith Babu M R"]
[Black "Hari Charan Sai Kalluri"]
[Result "1-0"]
[WhiteElo "2549"]
[BlackElo "2059"]
[PlyCount "43"]

1. d4 d5 2. Nf3 Nf6 3. c4 c6 4. Nc3 dxc4 5. g3 b5 6. Bg2 e6 7. O-O Be7 8. Ne5
Nd5 9. a4 b4 10. Ne4 Ba6 11. Nd2 c3 12. Nb3 O-O 13. Qc2 f5 14. Re1 Nd7 15. Nxc6
Qe8 16. e4 fxe4 17. Qxe4 Nc7 18. bxc3 bxc3 19. Bf4 Bd8 20. Nxd8 Qxd8 21. Bxc7
Qxc7 22. Qxe6+ 1-0

[Event "HZ Chess Tournament 2022"]
[Site "Vlissingen, Netherlands"]
[Date "2022.08.07"]
[Round "2.6"]
[White "Reichardt, Robin"]
[Black "Beerdsen, Thomas"]
[Result "0-1"]
[WhiteElo "2054"]
[BlackElo "2513"]
[PlyCount "44"]

1. d4 Nf6 2. c4 c6 3. Nf3 d5 4. Nbd2 Bf5 5. Nh4 Be4 6. f3 Bg6 7. Nxg6 hxg6 8.
e3 e6 9. b3 c5 10. Bb2 Nc6 11. g3 Qb6 12. Nb1 O-O-O 13. cxd5 Nxd5 14. Qc1 cxd4
15. Bxd4 Qa5+ 16. Kf2 Kb8 17. Bc4 Nxd4 18. exd4 Qb6 19. Rd1 Bc5 20. dxc5 Qxc5+
21. Ke1 Rxh2 22. Qf4+ Nxf4 0-1

[Event "HZ Chess Tournament 2022"]
[Site "Vlissingen, Netherlands"]
[Date "2022.08.07"]
[Round "2.7"]
[White "Schoppen, Casper"]
[Black "Le Clercq, Maxim"]
[Result "1-0"]
[WhiteElo "2507"]
[BlackElo "2049"]
[PlyCount "55"]

1. e4 c6 2. d4 d5 3. e5 c5 4. Nf3 cxd4 5. Nxd4 e6 6. Nd2 Ne7 7. N2f3 Nbc6 8.
Bd3 Ng6 9. Nxc6 bxc6 10. h4 Be7 11. h5 Nf8 12. Nd4 Bd7 13. Qg4 Rg8 14. Nf3 f5
15. exf6 Bxf6 16. Qg3 Qb8 17. Bf4 Qb4+ 18. c3 Qxb2 19. O-O Qxc3 20. Ne5 Ke7 21.
Rac1 Qa5 22. Ng4 d4 23. Nxf6 Kxf6 24. Bd6 g5 25. Rc5 Qd2 26. Rf5+ exf5 27. Qe5+
Kf7 28. Qe7# 1-0

[Event "HZ Chess Tournament 2022"]
[Site "Vlissingen, Netherlands"]
[Date "2022.08.07"]
[Round "2.9"]
[White "Santiago, Yago De Moura"]
[Black "Warnaar, Alisha"]
[Result "1-0"]
[WhiteElo "2490"]
[BlackElo "2037"]
[PlyCount "67"]

1. d4 Nf6 2. Nf3 g6 3. Bg5 Bg7 4. Nbd2 O-O 5. c3 d5 6. e3 b6 7. a4 c5 8. Be2
Nc6 9. O-O Bf5 10. Re1 a6 11. Bf1 Qd7 12. Bxf6 Bxf6 13. dxc5 bxc5 14. e4 Bg4
15. exd5 Qxd5 16. Nc4 Rad8 17. Qxd5 Rxd5 18. Nfd2 Bg7 19. Ne4 Bf5 20. Ng3 Be6
21. Ne4 Bf5 22. f4 e5 23. Nb6 Bxe4 24. Rxe4 Rd6 25. Nc4 Re6 26. Rd1 Rb8 27. Rd5
exf4 28. Rxe6 fxe6 29. Rxc5 Ne7 30. Ra5 Nd5 31. Rxa6 Ne3 32. Rxe6 Kf8 33. Nxe3
fxe3 34. Bb5 1-0

[Event "HZ Chess Tournament 2022"]
[Site "Vlissingen, Netherlands"]
[Date "2022.08.07"]
[Round "2.10"]
[White "Duson, Robin"]
[Black "Vrolijk, Liam"]
[Result "0-1"]
[WhiteElo "2040"]
[BlackElo "2464"]
[PlyCount "108"]

1. d4 g6 2. c4 Bg7 3. e4 d6 4. Nc3 c5 5. d5 Bxc3+ 6. bxc3 e5 7. Bd3 Nd7 8. f4
exf4 9. Bxf4 Qh4+ 10. Bg3 Qe7 11. Nf3 Ngf6 12. O-O Ng4 13. Bh4 f6 14. Qd2 O-O
15. h3 Nge5 16. Nxe5 Nxe5 17. Rf2 Bd7 18. Raf1 g5 19. Bg3 Rae8 20. Be2 Kg7 21.
Qb2 b6 22. a4 Rb8 23. Qa2 Be8 24. Bd1 Bg6 25. Bc2 h5 26. Re2 h4 27. Be1 Qb7 28.
Re3 Rbe8 29. Bb3 Re7 30. Qe2 Qc8 31. Kh2 Qe8 32. Bd1 f5 33. exf5 Ng4+ 34. hxg4
Rxe3 35. Qf2 Qe5+ 36. Kg1 h3 37. Bd2 hxg2 38. Kxg2 Re4 39. Bf3 Bxf5 40. gxf5
Rxf5 41. Re1 Rxf3 42. Qxf3 Rxe1 43. Bxe1 Qxe1 44. Qf5 Qe7 45. Kg1 a5 46. Kg2
Qf6 47. Qd7+ Kg6 48. Qc7 g4 49. Qxb6 Kg5 50. Qb8 Kh4 51. Qe8 Qf3+ 52. Kg1 Qd1+
53. Kg2 Qd2+ 54. Kg1 Kg3 0-1

[Event "HZ Chess Tournament 2022"]
[Site "Vlissingen, Netherlands"]
[Date "2022.08.07"]
[Round "2.11"]
[White "Emans, Job"]
[Black "Dhulipalla Bala Chandra Pr"]
[Result "0-1"]
[WhiteElo "2035"]
[BlackElo "2431"]
[PlyCount "94"]

1. d4 d5 2. c4 e6 3. Nc3 a6 4. cxd5 exd5 5. Nf3 Nf6 6. Bf4 Bd6 7. Bg3 O-O 8. e3
b6 9. Bd3 Bb7 10. Bh4 Re8 11. O-O Nbd7 12. Qc2 Qb8 13. Bf5 g6 14. Bh3 Be7 15.
Rac1 c5 16. Na4 Bc6 17. Bxf6 Nxf6 18. dxc5 Bxa4 19. Qxa4 bxc5 20. g3 Qxb2 21.
Rb1 Qe2 22. Bg2 Rab8 23. Ne5 Kg7 24. Bf3 Qd2 25. Rxb8 Rxb8 26. Nc6 Re8 27. Nxe7
Rxe7 28. Qxa6 c4 29. Qa3 Rb7 30. Rd1 Qc2 31. Rc1 Qf5 32. Kg2 g5 33. Qc3 h5 34.
Qd4 g4 35. Bd1 Qe4+ 36. Qxe4 Nxe4 37. Bc2 Nc3 38. a3 Rb2 39. Bf5 Kf6 40. Bd7
Ne4 41. Bc6 Rxf2+ 42. Kg1 Rd2 43. a4 Ng5 44. a5 Nf3+ 45. Kf1 Nxh2+ 46. Ke1 Nf3+
47. Kf1 h4 0-1

[Event "HZ Chess Tournament 2022"]
[Site "Vlissingen, Netherlands"]
[Date "2022.08.07"]
[Round "2.12"]
[White "Van Delft, Merijn"]
[Black "Riksen, John"]
[Result "1-0"]
[WhiteElo "2380"]
[BlackElo "2014"]
[PlyCount "35"]

1. e4 d6 2. d4 Nf6 3. Nc3 e5 4. Nf3 Nc6 5. Bb5 Bd7 6. Bxc6 Bxc6 7. Qd3 Qe7 8.
O-O a6 9. Re1 h6 10. b3 g5 11. Ba3 g4 12. Nxe5 Bb5 13. Nc4 Qd7 14. e5 dxe5 15.
Rxe5+ Kd8 16. Bxf8 Rxf8 17. Qe3 Rh8 18. Qf4 1-0

[Event "HZ Chess Tournament 2022"]
[Site "Vlissingen, Netherlands"]
[Date "2022.08.07"]
[Round "2.21"]
[White "Van Baar, Esper"]
[Black "Zuiderwijk, Rens"]
[Result "1-0"]
[WhiteElo "2252"]
[BlackElo "1945"]
[PlyCount "95"]

1. e4 c5 2. Nf3 e6 3. c3 d5 4. exd5 Qxd5 5. d4 Nf6 6. Be3 cxd4 7. cxd4 Bb4+ 8.
Nc3 Qa5 9. Bd2 O-O 10. Bd3 Bd7 11. O-O Bc6 12. Re1 Nbd7 13. a3 Be7 14. b4 Qb6
15. Be3 Nd5 16. Rc1 Bf6 17. Ne4 Nxe3 18. fxe3 Be7 19. Ned2 Qd8 20. e4 Nf6 21.
Nc4 Bb5 22. Qb3 Bxc4 23. Rxc4 a5 24. b5 Qd6 25. e5 Qxa3 26. Qxa3 Bxa3 27. exf6
gxf6 28. Be4 Ra7 29. Rc7 Rb8 30. Rb1 Bb4 31. Ne1 Bxe1 32. Rxe1 f5 33. Bf3 a4
34. Ra1 f6 35. Kf2 e5 36. dxe5 fxe5 37. Rd1 a3 38. Bd5+ Kf8 39. Ba2 Ra4 40.
Rdd7 Rh4 41. Rg7 Rf4+ 42. Kg1 Rg4 43. Rxh7 Rg8 44. Bxg8 Kxg8 45. Rcg7+ Kf8 46.
Rh8+ Kxg7 47. Rxb8 Kf6 48. Rxb7 1-0

[Event "HZ Chess Tournament 2022"]
[Site "Vlissingen, Netherlands"]
[Date "2022.08.07"]
[Round "2.25"]
[White "Bruil, Rembrandt"]
[Black "Aravindhan, Achyuth"]
[Result "1-0"]
[WhiteElo "2230"]
[BlackElo "1925"]
[PlyCount "89"]

1. d4 Nf6 2. Nf3 g6 3. g3 Bg7 4. Bg2 O-O 5. O-O d6 6. b3 Nbd7 7. Bb2 c6 8. c4
Qc7 9. Nc3 e5 10. e4 Ne8 11. Qd2 f5 12. Ng5 Ndf6 13. dxe5 dxe5 14. Ba3 c5 15.
exf5 Bxf5 16. Nd5 Nxd5 17. Qxd5+ Kh8 18. Qxc5 Rf6 19. Qxc7 Nxc7 20. Bxb7 Re8
21. Bg2 h6 22. Ne4 Ra6 23. Bb2 Ne6 24. Rfe1 g5 25. a3 Rc8 26. b4 Nd4 27. Nc5
Rb6 28. Rac1 e4 29. Bc3 Bg4 30. Bxd4 Bxd4 31. Rxe4 Bb2 32. Rce1 Bf5 33. Re8+
Rxe8 34. Rxe8+ Kg7 35. Re7+ Kf8 36. Rxa7 Rd6 37. Bd5 Ke8 38. Kg2 g4 39. a4 Ba3
40. Rb7 Bb1 41. a5 Ba2 42. a6 Rxd5 43. cxd5 Bxd5+ 44. Kg1 Bxb7 45. axb7 1-0

[Event "HZ Chess Tournament 2022"]
[Site "Vlissingen, Netherlands"]
[Date "2022.08.07"]
[Round "2.26"]
[White "Skutta, Bernd"]
[Black "Lefebvre, Herve"]
[Result "0-1"]
[WhiteElo "1950"]
[BlackElo "2212"]
[PlyCount "62"]

1. d4 Nf6 2. Nf3 d5 3. Bf4 c5 4. c3 e6 5. e3 Nc6 6. Nbd2 Bd6 7. Ne5 Qc7 8. Bb5
O-O 9. Ndf3 Ne4 10. Nxc6 bxc6 11. Bxd6 Qxd6 12. Bd3 Nf6 13. O-O Nd7 14. Qa4 c4
15. Bb1 e5 16. e4 exd4 17. Nxd4 Nc5 18. e5 Nxa4 19. exd6 Rd8 20. Nxc6 Rxd6 21.
Ne7+ Kf8 22. Nxc8 Rxc8 23. Bf5 Rb8 24. Bc2 Nxb2 25. Rab1 d4 26. cxd4 Rxd4 27.
a4 Rd2 28. Bf5 g6 29. Bg4 c3 30. Ra1 c2 31. Ra2 Nd3 0-1

[Event "HZ Chess Tournament 2022"]
[Site "Vlissingen, Netherlands"]
[Date "2022.08.07"]
[Round "2.27"]
[White "De Jong, Tom"]
[Black "Sai Kiran Y"]
[Result "1-0"]
[WhiteElo "2191"]
[BlackElo "1879"]
[PlyCount "85"]

1. e4 e6 2. d4 d5 3. e5 c5 4. c3 Nc6 5. Nf3 Bd7 6. Be2 Nge7 7. Na3 cxd4 8. cxd4
Nf5 9. Nc2 Rc8 10. O-O Be7 11. Rb1 O-O 12. b4 a5 13. a3 axb4 14. axb4 Qb6 15.
Bd3 Ra8 16. g4 Nh6 17. h3 Na7 18. b5 Rfc8 19. Ne3 Qd8 20. Rb3 f6 21. exf6 Bxf6
22. Ng2 Nf7 23. Re1 Ng5 24. Nxg5 Bxg5 25. Be3 Kh8 26. Qd2 Bxe3 27. Qxe3 Qf6 28.
Ra1 Qf8 29. Nf4 Re8 30. Kg2 Qd6 31. Rba3 e5 32. dxe5 Rxe5 33. Qg3 Qb6 34. Qh4
Re4 35. Bxe4 dxe4 36. Rxa7 Rg8 37. Rxb7 Qd6 38. Rxd7 Qxf4 39. Qg3 Qf6 40. Raa7
h6 41. Qe3 Qe5 42. Qxh6+ gxh6 43. Rh7# 1-0

[Event "HZ Chess Tournament 2022"]
[Site "Vlissingen, Netherlands"]
[Date "2022.08.07"]
[Round "2.28"]
[White "Honkoop, Gilian"]
[Black "Groen, Jari"]
[Result "1/2-1/2"]
[WhiteElo "2184"]
[BlackElo "1800"]
[PlyCount "177"]

1. d4 d5 2. Nf3 Nf6 3. c4 e6 4. g3 c5 5. cxd5 exd5 6. Bg2 Nc6 7. O-O Bd6 8. Nc3
h6 9. b3 O-O 10. Bb2 Bf5 11. Rc1 Qa5 12. dxc5 Bxc5 13. a3 Qd8 14. b4 Bb6 15.
Na4 Ne4 16. Nxb6 axb6 17. Qb3 Be6 18. Rfd1 b5 19. Nd4 Nxd4 20. Rxd4 Rc8 21.
Rcd1 Qb6 22. Qe3 Nf6 23. Qd2 Qc6 24. Rh4 Qc2 25. Qxc2 Rxc2 26. Bxf6 gxf6 27.
Bxd5 Rxe2 28. Bxe6 fxe6 29. Rg4+ Kh8 30. Rd7 Rg8 31. Rxg8+ Kxg8 32. Rxb7 Ra2
33. Rxb5 Rxa3 34. Rb7 Rb3 35. b5 e5 36. b6 Rb1+ 37. Kg2 Rb4 38. Rb8+ Kg7 39. b7
Kh7 40. Kf3 Kg7 41. h4 Rb1 42. h5 Rb4 43. g4 Rf4+ 44. Ke3 Rb4 45. Kd3 Rb1 46.
Kc4 Rc1+ 47. Kd5 Rb1 48. Ke6 Rb6+ 49. Ke7 e4 50. Kd7 Rb1 51. Kc6 Rc1+ 52. Kd5
Rb1 53. Kxe4 Rb2 54. Kd4 Rb1 55. f4 Rd1+ 56. Ke4 Rb1 57. Kd5 Rb2 58. Kd6 Rd2+
59. Ke6 Re2+ 60. Kf5 Rb2 61. g5 Rb5+ 62. Ke4 hxg5 63. h6+ Kh7 64. f5 Re5+ 65.
Kd4 Rb5 66. Rf8 Rxb7 67. Rxf6 g4 68. Ke3 Rb4 69. Rg6 g3 70. Kf3 g2 71. Kxg2 Rf4
72. Rf6 Rh4 73. Kg3 Rxh6 74. Rf7+ Kg8 75. Ra7 Kf8 76. Kg4 Rb6 77. Kg5 Rc6 78.
Rh7 Ra6 79. Rb7 Rc6 80. Ra7 Rb6 81. Ra5 Rc6 82. Ra4 Rb6 83. Rg4 Kf7 84. Kh5 Ra6
85. Kg5 Rb6 86. Rc4 Ra6 87. Rc7+ Kf8 88. f6 Ra1 89. Kf5 1/2-1/2

[Event "HZ Chess Tournament 2022"]
[Site "Vlissingen, Netherlands"]
[Date "2022.08.07"]
[Round "2.29"]
[White "Duchene, Rene"]
[Black "De Feijter, David"]
[Result "1-0"]
[WhiteElo "2170"]
[BlackElo "1758"]
[PlyCount "81"]

1. Nf3 f5 2. c4 Nf6 3. g3 g6 4. Bg2 Bg7 5. O-O O-O 6. Nc3 d6 7. d4 Qe8 8. d5 e5
9. dxe6 Qxe6 10. Ng5 Qe8 11. Nd5 Na6 12. Be3 h6 13. Nf3 Ng4 14. Bd4 Ne5 15. Rc1
g5 16. Bc3 f4 17. Nd2 c6 18. Bxe5 dxe5 19. Nc3 Qh5 20. Nde4 Bh3 21. f3 g4 22.
Bxh3 gxh3 23. g4 Qg6 24. Kh1 Rad8 25. Qe1 Nc7 26. Qh4 Ne6 27. Qxh3 Nd4 28. Rg1
b5 29. g5 h5 30. cxb5 cxb5 31. a3 a5 32. b4 axb4 33. axb4 Rc8 34. Nf6+ Kf7 35.
Nce4 Bxf6 36. Rxc8 Rxc8 37. Qxc8 Be7 38. Qd7 Nxe2 39. Qd5+ Kg7 40. Qxe5+ Kg8
41. Qxe7 1-0

[Event "HZ Chess Tournament 2022"]
[Site "Vlissingen, Netherlands"]
[Date "2022.08.07"]
[Round "2.30"]
[White "Zevenhuizen, Daniel"]
[Black "Cortenbach, Stan"]
[Result "1-0"]
[WhiteElo "2168"]
[BlackElo "1743"]
[PlyCount "79"]

1. Nf3 f5 2. d3 Nc6 3. e4 e5 4. Nc3 Nf6 5. Bg5 Be7 6. Nh4 Nd4 7. Nxf5 Nxf5 8.
exf5 O-O 9. d4 d6 10. dxe5 dxe5 11. Bd3 Bb4 12. O-O Qd4 13. Nb5 Qb6 14. a3 Be7
15. Qe2 a6 16. Qxe5 axb5 17. Qxe7 Nd5 18. Qe4 Nf6 19. Qe5 Bd7 20. Bxf6 Rxf6 21.
Qd5+ Rf7 22. Rfe1 Bc6 23. Qb3 Qd4 24. Bxb5 Bd5 25. Qd3 Qc5 26. b4 Qd6 27. Rad1
c6 28. Bc4 Qc7 29. Bxd5 cxd5 30. Rd2 Qf4 31. Qxd5 Qxf5 32. Qxf5 Rxf5 33. Re3
Rf7 34. Red3 Rc7 35. Kf1 Rac8 36. Rd8+ Rxd8 37. Rxd8+ Kf7 38. Ke1 Ke7 39. Rg8
Kf7 40. Rb8 1-0

[Event "HZ Chess Tournament 2022"]
[Site "Vlissingen, Netherlands"]
[Date "2022.08.07"]
[Round "2.31"]
[White "Saketh, Pedagandham"]
[Black "Tabak, Stefan"]
[Result "1-0"]
[WhiteElo "1947"]
[BlackElo "2166"]
[PlyCount "97"]

1. e4 c5 2. c3 d5 3. exd5 Qxd5 4. d4 Nc6 5. Nf3 Bf5 6. Na3 Nf6 7. Be3 cxd4 8.
Nb5 O-O-O 9. Nbxd4 Bg4 10. Be2 e5 11. Nxc6 Qxc6 12. Qc2 Bd6 13. O-O Kb8 14. b4
Nd5 15. Bd2 Nxb4 16. Qb2 Bxf3 17. Bxf3 e4 18. Bxe4 Qxe4 19. cxb4 Qe5 20. Qxe5
Bxe5 21. Rad1 b5 22. Be3 Kb7 23. g3 a6 24. Kg2 Rhe8 25. Bc5 Bc3 26. Kf3 Kc6 27.
Rxd8 Rxd8 28. Rc1 Bd2 29. Rc2 Kb7 30. h4 Bh6 31. Re2 Rd7 32. Re8 Bd2 33. Ke4
Bc3 34. g4 Rc7 35. f4 a5 36. a3 a4 37. Kd5 Bd2 38. Bd6 Rd7 39. Kc5 Bc1 40. Rb8+
Ka7 41. Rxb5 Ka6 42. Rb6+ Ka7 43. Bb8+ Ka8 44. Kc6 Rd2 45. Bc7 Rc2+ 46. Kd7 Ka7
47. Rc6 Rd2+ 48. Kc8 Bxa3 49. Bb8+ 1-0

[Event "HZ Chess Tournament 2022"]
[Site "Vlissingen, Netherlands"]
[Date "2022.08.07"]
[Round "2.32"]
[White "Tiggelman, Rene"]
[Black "Koes, Richard"]
[Result "1-0"]
[WhiteElo "2165"]
[BlackElo "1727"]
[PlyCount "61"]

1. Nf3 Nf6 2. c4 c5 3. Nc3 g6 4. g3 Bg7 5. Bg2 Nc6 6. O-O O-O 7. d4 cxd4 8.
Nxd4 Nxd4 9. Qxd4 d6 10. Qd3 Rb8 11. Bd2 b6 12. Nb5 Qd7 13. Rad1 Bb7 14. Bc3
Bxg2 15. Kxg2 Qb7+ 16. Qf3 a6 17. Na3 Rfc8 18. Rd3 b5 19. cxb5 axb5 20. Qxb7
Rxb7 21. Bb4 Ne4 22. Rb3 Nc5 23. Rc1 Rcc7 24. Bxc5 Rxc5 25. Rxc5 dxc5 26. Rxb5
Rxb5 27. Nxb5 Bxb2 28. a4 Be5 29. a5 c4 30. a6 Bb8 31. Kf1 1-0

[Event "HZ Chess Tournament 2022"]
[Site "Vlissingen, Netherlands"]
[Date "2022.08.07"]
[Round "2.33"]
[White "Kompaan, Rick"]
[Black "Bui, Bao Anh Le"]
[Result "0-1"]
[WhiteElo "1797"]
[BlackElo "2159"]
[PlyCount "70"]

1. d4 d5 2. c4 e6 3. Nf3 c6 4. g3 Nf6 5. Bg2 Be7 6. O-O O-O 7. Qc2 Nbd7 8. Nbd2
b6 9. e4 dxe4 10. Nxe4 Bb7 11. Ne5 Qc8 12. Bg5 c5 13. Nxd7 Qxd7 14. Bxf6 gxf6
15. d5 exd5 16. cxd5 Qf5 17. Qb3 Bxd5 18. Nxf6+ Bxf6 19. Bxd5 Rad8 20. Rad1 Bd4
21. Bc4 Rd6 22. Kg2 Re8 23. Bd3 Qh5 24. Qc2 Rh6 25. h4 Qd5+ 26. Kh3 Qf3 27. Qa4
Re5 28. Kh2 Qg4 29. Kg2 Rxh4 30. Rh1 Reh5 31. Qe8+ Kg7 32. f3 Qg5 33. f4 Rxf4
34. Rxh5 Rf2+ 35. Kg1 Qxg3+ 0-1

[Event "HZ Chess Tournament 2022"]
[Site "Vlissingen, Netherlands"]
[Date "2022.08.07"]
[Round "2.34"]
[White "Arnold, Rhys"]
[Black "Boelhouwer, Collin"]
[Result "0-1"]
[WhiteElo "1777"]
[BlackElo "2151"]
[PlyCount "104"]

1. e4 c5 2. Nc3 Nc6 3. f4 g6 4. Nf3 Bg7 5. a4 e6 6. e5 d6 7. Bb5 Nge7 8. Ne4
dxe5 9. fxe5 O-O 10. Nf6+ Kh8 11. Bxc6 Nxc6 12. d4 cxd4 13. Qe2 Nxe5 14. Nxe5
Qxf6 15. Nd3 e5 16. Rf1 Qh4+ 17. g3 Qg4 18. Qxg4 Bxg4 19. Bd2 Kg8 20. Nf2 Bf3
21. c3 Rfe8 22. Nd3 e4 23. Nc5 b6 24. Nb7 dxc3 25. Bxc3 Bxc3+ 26. bxc3 Rac8 27.
Rc1 Bg4 28. Rf4 Bd7 29. a5 bxa5 30. Nxa5 Re5 31. Nb7 f5 32. Rd1 Bb5 33. Nd6
Rxc3 34. Nxb5 Rxb5 35. Rd8+ Kg7 36. Rd7+ Kf6 37. Rxa7 Rb2 38. Rd7 Rxh2 39. Rf2
Rh1+ 40. Ke2 Rxg3 41. Ra7 h5 42. Ra6+ Kg5 43. Rb6 h4 44. Rf1 Rxf1 45. Kxf1 h3
46. Kf2 Kf4 47. Rb1 Ra3 48. Kg1 g5 49. Rf1+ Kg3 50. Kh1 e3 51. Rf2 Ra1+ 52. Rf1
Rxf1# 0-1

[Event "HZ Chess Tournament 2022"]
[Site "Vlissingen, Netherlands"]
[Date "2022.08.07"]
[Round "2.35"]
[White "Matsumura, Cocoro"]
[Black "De Man, Luuk"]
[Result "1-0"]
[WhiteElo "2148"]
[BlackElo "1582"]
[PlyCount "51"]

1. e4 c5 2. Nf3 Nc6 3. Bb5 g6 4. O-O Bg7 5. d3 e5 6. a3 a6 7. Bxc6 dxc6 8. b4
cxb4 9. axb4 Qd6 10. Nbd2 Be6 11. Ng5 Bh6 12. Nxe6 Qxe6 13. Bb2 Nf6 14. Nc4 Bf4
15. g3 g5 16. gxf4 Qh3 17. Nxe5 gxf4 18. Qf3 Qh4 19. Kh1 O-O-O 20. Nxf7 Ng4 21.
Qxf4 Rhf8 22. Nd6+ Rxd6 23. Qxf8+ Kd7 24. Qf4 Rh6 25. Be5 Nxh2 26. Qxh4 1-0

[Event "HZ Chess Tournament 2022"]
[Site "Vlissingen, Netherlands"]
[Date "2022.08.07"]
[Round "2.36"]
[White "Kools, Jasper"]
[Black "Jeanne, Mickael"]
[Result "0-1"]
[WhiteElo "1774"]
[BlackElo "2145"]
[PlyCount "68"]

1. d4 Nf6 2. Nf3 d5 3. c4 e6 4. Nc3 a6 5. cxd5 exd5 6. Bg5 Be6 7. e3 Nbd7 8.
Bd3 c6 9. O-O Bd6 10. a3 Qc7 11. Bh4 O-O 12. Bg3 Bg4 13. Bxd6 Qxd6 14. Be2 Rfe8
15. Ne1 Bxe2 16. Qxe2 a5 17. Nd3 a4 18. Qc2 Ng4 19. g3 Qh6 20. h4 g5 21. Qe2 f5
22. Kg2 Re7 23. Rh1 Rae8 24. Rae1 Ndf6 25. hxg5 Qxg5 26. Qf3 Ne4 27. Nxe4 fxe4
28. Qf4 Qg6 29. Rh4 h5 30. Reh1 Rh7 31. Rxg4 Qxg4 32. Qxg4+ hxg4 33. Ne5 Rxh1
34. Kxh1 Rxe5 0-1

[Event "HZ Chess Tournament 2022"]
[Site "Vlissingen, Netherlands"]
[Date "2022.08.07"]
[Round "2.37"]
[White "Kooman, Ko"]
[Black "Van der Hagen, Loek"]
[Result "0-1"]
[WhiteElo "1524"]
[BlackElo "2135"]
[PlyCount "68"]

1. d4 Nf6 2. Nf3 g6 3. c3 Bg7 4. Bg5 d5 5. h3 O-O 6. Nbd2 Bf5 7. e3 Re8 8. Bb5
c6 9. Ba4 Nbd7 10. O-O a5 11. c4 dxc4 12. Nxc4 b5 13. Nxa5 Qxa5 14. Bc2 Bxc2
15. Qxc2 Rac8 16. a3 c5 17. Qd2 Qxd2 18. Nxd2 cxd4 19. exd4 h6 20. Be3 Rc2 21.
b4 Nd5 22. Nf3 Rec8 23. Rac1 Nxe3 24. Rxc2 Nxc2 25. Rc1 Nb6 26. Ne5 Bxe5 27.
dxe5 Nxa3 28. Ra1 Nc2 29. Ra5 Nd4 30. Ra7 e6 31. Rb7 Nd5 32. g3 Nxb4 33. f4 Nd5
34. h4 b4 0-1

[Event "HZ Chess Tournament 2022"]
[Site "Vlissingen, Netherlands"]
[Date "2022.08.07"]
[Round "2.40"]
[White "De Winter, Gerard"]
[Black "Bezemer, Arno"]
[Result "0-1"]
[WhiteElo "1637"]
[BlackElo "2278"]
[PlyCount "60"]

1. d4 Nf6 2. Nf3 g6 3. g3 Bg7 4. Bg2 O-O 5. c4 d6 6. O-O Nc6 7. Nc3 a6 8. e4
Bg4 9. h3 Bxf3 10. Bxf3 Nd7 11. Be3 e5 12. d5 Nd4 13. Bg2 c5 14. dxc6 bxc6 15.
Ne2 Qb6 16. Rb1 a5 17. b3 Rfe8 18. Qd2 Nf8 19. Rfd1 Nfe6 20. Nc3 f5 21. exf5
gxf5 22. Kh2 f4 23. Bxd4 Nxd4 24. Ne4 Rad8 25. g4 d5 26. c5 Qa7 27. Nd6 Re6 28.
Rbc1 Bf8 29. Nf5 Nxf5 30. gxf5 Rf6 0-1

[Event "HZ Chess Tournament 2022"]
[Site "Vlissingen, Netherlands"]
[Date "2022.08.07"]
[Round "2.41"]
[White "Lohr, Maximilian"]
[Black "Adithya A Chullikkad"]
[Result "1-0"]
[WhiteElo "2112"]
[BlackElo "1696"]
[PlyCount "99"]

1. d4 Nf6 2. Nc3 d5 3. Bf4 Bf5 4. f3 h5 5. e3 e6 6. Bd3 Bxd3 7. Qxd3 c6 8. e4
Qa5 9. Nge2 Nbd7 10. O-O O-O-O 11. a3 dxe4 12. fxe4 e5 13. b4 Qc7 14. dxe5 Ng4
15. Qg3 Ndxe5 16. h3 Qb6+ 17. Kh1 Ng6 18. Na4 Qa6 19. Bb8 N4e5 20. Bxe5 Nxe5
21. Qxe5 Qxe2 22. Nc3 Qc4 23. Rfd1 Rxd1+ 24. Rxd1 Qe6 25. Qd4 Be7 26. Qxa7 Bd6
27. Qa8+ Bb8 28. Na4 h4 29. Nb6+ Kc7 30. Qa5 f6 31. Kg1 Re8 32. Kf2 g5 33. c4
Qf7 34. Qf5 Re6 35. c5 Qe8 36. Rd7+ Qxd7 37. Nxd7 Kxd7 38. Kf3 Be5 39. a4 Bc3
40. b5 Be5 41. Kg4 Bb8 42. Kh5 Bf4 43. b6 Be5 44. Kh6 Bd4 45. a5 Be5 46. Kg7
Ke7 47. Kg8 Bd4 48. Qh7+ Kd8 49. Qc7+ Ke8 50. Qf7+ 1-0

[Event "HZ Chess Tournament 2022"]
[Site "Vlissingen, Netherlands"]
[Date "2022.08.07"]
[Round "2.42"]
[White "Marzano, Carlo"]
[Black "Norden, Marc"]
[Result "1-0"]
[WhiteElo "2104"]
[BlackElo "1715"]
[PlyCount "53"]

1. d4 Nf6 2. Nf3 d5 3. c4 c6 4. Nc3 dxc4 5. e3 b5 6. a4 b4 7. Nb1 e6 8. Bxc4
Nbd7 9. O-O Bb7 10. Nbd2 c5 11. b3 a5 12. Bb2 Rc8 13. Bb5 Be7 14. Nc4 O-O 15.
Nfe5 Nxe5 16. dxe5 Nd5 17. Qg4 Qc7 18. Rac1 Rfd8 19. h4 Bf8 20. h5 h6 21. Rc2
Ne7 22. Nd6 Rb8 23. Rfc1 Bd5 24. Rxc5 Qb6 25. Rxd5 Nxd5 26. Bd4 Nf6 27. Qf3 1-0

[Event "HZ Chess Tournament 2022"]
[Site "Vlissingen, Netherlands"]
[Date "2022.08.07"]
[Round "2.43"]
[White "Brokaar, Joey"]
[Black "Hagen, Tejo"]
[Result "1-0"]
[WhiteElo "2068"]
[BlackElo "1615"]
[PlyCount "73"]

1. Nf3 d5 2. b3 Nf6 3. Bb2 e6 4. e3 Be7 5. d4 Nbd7 6. Bd3 b6 7. c4 Bb7 8. O-O
c5 9. Nc3 Ne4 10. cxd5 exd5 11. dxc5 Bxc5 12. Bb5 Nxc3 13. Bxc3 O-O 14. Nd4 Nf6
15. b4 Bxd4 16. Bxd4 a6 17. Bd3 Rc8 18. Qf3 Ne4 19. Qg4 g6 20. Qf4 Qg5 21. Qxg5
Nxg5 22. Bxb6 Rc3 23. Rfd1 Rfc8 24. Bd4 R3c6 25. a4 Ne4 26. b5 Re6 27. Rdc1 Kf8
28. Rxc8+ Bxc8 29. Rc1 Nd6 30. Bc5 Ke7 31. Bxd6+ Rxd6 32. Rxc8 axb5 33. Bxb5 d4
34. exd4 Rxd4 35. g3 Rd1+ 36. Kg2 Ra1 37. Rc7+ 1-0